000 01836nam a2200529 i 4500
001 52272
003 KOSZ 005
005 20220426113851.0
008 051007s2005 pl a |001 0 pol
015 _aUWD 2005/17433
020 _a8301144343
035 _a991028379289705066
035 _a(PL-WaBN)b17681686-48omnis_nlop
035 _ab17681686
035 _a(OCoLC)749864417
035 _azz2005973791
035 _a(PL)b0000001768168
035 _a(EXLNZ-48OMNIS_NETWORK)9910135514905606
040 _aWA N
_cWA N
_dKOSZ 005/HR
080 _a581.1:575
080 _a(075.8)
100 1 _aRogalska, Stanisława
_d(1943-2015)
_eAutor
245 1 0 _aPodstawy cytogenetyki roślin /
_cStanisława Rogalska, Jolanta Małuszyńska, Maria J. Olszewska.
250 _aWyd. 2 uaktual.
260 _aWarszawa :
_bWydawnictwo Naukowe PWN,
_c2005.
300 _a299, [1] s., XVI s. tabl. kolor. :
_bfot., rys., wykr. ;
_c24 cm.
336 _aTekst
_btxt
_2rdacontent
337 _aBez urządzenia pośredniczącego
_bn
_2rdamedia
338 _aWolumin
_bnc
_2rdacarrier
380 _aKsiążki
380 _aPublikacje dydaktyczne
385 _mPoziom nauczania
_aSzkoły wyższe
388 _a2001-
504 _aBibliogr. przy rozdz. Indeks.
521 8 _aPodręcznik akademicki.
650 7 _aCytogenetyka
_2DBN
650 7 _aBotanika
650 7 _aRośliny
_2DBN
655 7 _aPodręczniki akademickie
_2DBN
658 _aBiologia
700 1 _aMałuszyńska, Jolanta
_d(1941- )
_eAutor
700 1 _aOlszewska, Maria Joanna
_d(1929-2011)
_eAutor
710 2 _aWydawnictwo Naukowe PWN
_4pbl
856 _uhttp://koha.tu.koszalin.pl/cgi-bin/koha/opac-detail.pl?biblionumber=52272
_yKatalog online BPK
942 _2UKD
_cKS
999 _c52272
_d52272